مدارج الصائمين / (رقم التسجيلة. 133837)
[ عرض عادي ]
| 000 -الفاتح | |
|---|---|
| عناصر البيانات ثابتة الطول | 00836cam a2200205 i 4500 |
| 005 - تاريخ ووقت آخر معاملة | |
| حقل ضبط | 20251210103455.0 |
| 008 - عناصر البيانات ثابتة الطول | |
| عناصر البيانات ثابتة الطول | 250721s2015 jo gr 000 0 ara d |
| 082 14 - رقم تصنيف ديوي العشري | |
| رقم التصنيف | 216.23 |
| رقم المادة | م د ا |
| 100 1# - مدخل رئيسي – اسم شخصي | |
| الاسم الشخصي | الرفب، احمد سليمان |
| علاقة الشخص بالعمل/ دوره | مؤلف. |
| 245 10 - بيان العنوان | |
| العنوان | مدارج الصائمين / |
| بيان المسؤولية | تأليف اعضاء المجلس العلمي لمركز العلامه فضل عباس للدراسات القرانيه د.احمد سليمان الرقب . |
| 250 ## - بيان الطبعة | |
| بيان الطبعة | الطبعه الاولى. |
| 264 31 - بيانات النشر، التوزيع…إلخ | |
| مكان النشر، التوزيع...إلخ | عمان : |
| اسم الناشر، الموزع...إلخ | جمعية المحافظة على القران الكريم، |
| تاريخ النشر، التوزيع...إلخ | 2015. |
| 300 ## - الوصف المادي | |
| عدد الوحدات المكونة للوعاء | 163صفحه. |
| 650 17 - مدخل إضافي بالموضوع - مصطلح موضوعي | |
| مصطلح موضوعي أو اسم جغرافي كعنصر مدخل | الأسلام. |
| 650 17 - مدخل إضافي بالموضوع - مصطلح موضوعي | |
| مصطلح موضوعي أو اسم جغرافي كعنصر مدخل | العبادة. |
| 650 17 - مدخل إضافي بالموضوع - مصطلح موضوعي | |
| مصطلح موضوعي أو اسم جغرافي كعنصر مدخل | الصوم. |
| 700 1# - مدخل إضافي - اسم شخصي | |
| الاسم الشخصي | الزيوت، عبدالله احمد. |
| علاقة الشخص بالعمل/ دوره | مؤلف |
| 942 ## - بيانات إضافية (كوها) | |
| نوع التنصيف | Dewey Decimal Classification |
| نوع المادة (كوها) | كتب |
| حالة السحب | حالة الفقدان | مصدر التصنيف | حالة التلف | غير قابل للإعارة | المكتبة الرئيسية | المكتبة الحالية | موقع الرف | تاريخ التزويد | الرقم المتسلسل | Total Checkouts | رقم الإستدعاء | الباركود | تاريخ آخر ظهور | تاريخ الفاتورة | نوع المادة (كوها) |
|---|---|---|---|---|---|---|---|---|---|---|---|---|---|---|---|
| Dewey Decimal Classification | المكتبة المركزية | المكتبة المركزية | الإعارة | 28/07/2025 | 1618996 | 216.23 / م د ا | PLD00364460 | 28/07/2025 | 28/07/2025 | كتب | |||||
| Dewey Decimal Classification | مكتبة أبو علندا العامة | مكتبة أبو علندا العامة | الإعارة | 03/02/2016 | 1618999 | 216.23/مدا | PLD00371345 | 28/07/2025 | 03/02/2016 | كتب | |||||
| Dewey Decimal Classification | مكتبة حمزة العامة | مكتبة حمزة العامة | الإعارة | 03/02/2016 | 1619000 | 216.23/مدا | PLD00371346 | 28/07/2025 | 03/02/2016 | كتب | |||||
| Dewey Decimal Classification | مكتبة صويلح العامة | مكتبة صويلح العامة | الإعارة | 03/02/2016 | 1618997 | 216.23/مدا | PLD00371343 | 28/07/2025 | 03/02/2016 | كتب | |||||
| Dewey Decimal Classification | مكتبة وادي السير العامة | مكتبة وادي السير العامة | الإعارة | 03/02/2016 | 1618998 | 216.23/مدا | PLD00371344 | 28/07/2025 | 03/02/2016 | كتب |